000 00327nam a22001217a 4500
008 190315b xxu||||| |||| 00| 0 eng d
041 _aeng
080 _a043.3
100 _a0
101 _aMBE-BA
245 _aNdikimi i Auditimit të jashtëm në përmirësimin e performancës së komunave
_cBajraktari,M
942 _2udc
_cBK
999 _c54838
_d54838